Pokémon fusionnés - Sélection de tuiles - Statistiques

Statistiques générales
  • Ce quiz a été pris 425 fois
    254 depuis la dernière actualisation
  • Le résultat moyen est 57 sur 60
Statistiques - réponses
Question Tuile Select % Correct
Q1 Non
99%
Q2 Oui
99%
Q2 Non
99%
Q2 Non
99%
Q2 Non
99%
Q1 Non
98%
Q1 Non
98%
Q2 Non
98%
Q2 Non
98%
Q2 Non
98%
Q2 Non
98%
Q2 Non
98%
Q2 Non
98%
Q2 Non
98%
Q2 Non
98%
Q2 Non
98%
Q2 Non
98%
Q2 Oui
97%
Q2 Oui
97%
Q2 Non
97%
Q2 Non
97%
Q2 Non
97%
Q2 Oui
97%
Q2 Oui
97%
Q2 Non
97%
Q2 Oui
97%
Q2 Non
97%
Q2 Non
97%
Q2 Oui
97%
Q2 Oui
97%
Q2 Non
97%
Q2 Oui
97%
Q2 Oui
97%
Q2 Non
97%
Q2 Non
97%
Q2 Non
97%
Q2 Non
97%
Q2 Oui
97%
Q2 Oui
97%
Q2 Oui
97%
Q2 Non
97%
Q2 Non
97%
Q1 Oui
96%
Q2 Non
96%
Q2 Non
96%
Q2 Non
96%
Q2 Oui
95%
Q2 Non
95%
Q2 Non
95%
Q1 Non
94%
Q2 Non
94%
Q2 Oui
94%
Q2 Non
94%
Q2 Oui
94%
Q1 Oui
93%
Q2 Non
93%
Q2 Non
92%
Q2 Oui
88%
Q2 Non
73%
Q2 Oui
63%
Aucun quiz correspondant
Distribution des résultats
% des personnes avec chaque résultat
Percentile par nombre de réponses
Votre historique - résultats
Vous n’avez pas pris ce quiz depuis la dernière actualisation